| 000 | 00691nam a2200193 a 4500 | ||
|---|---|---|---|
| 001 | 000041699 | ||
| 005 | 20201002035715.0 | ||
| 008 | 131016s1995 sp 000 0 spa d | ||
| 020 | _a8400074718 | ||
| 040 |
_aDO-SdBNP _bspa _cBNPHU |
||
| 100 | 1 |
_aBlázquez Rodrigo, Marcelo _968516 |
|
| 245 | 1 | 3 |
_aLa Gatomaquia de Lope de Vega / _cMarcelo Blázquez Rodrigo. |
| 260 |
_aMadrid : _bCSIC, _c1995. |
||
| 300 |
_a309 p. ; _c25 cm. |
||
| 490 | 1 | _aBiblioteca de filología hispánica | |
| 504 | _aIncluye referencias bibliográficas y notas al pie de las páginas | ||
| 710 | 2 |
_aConsejo Superior de Investigaciones Científicas, _94786 |
|
| 830 | 0 |
_aBiblioteca de filología hispánica _v14 _967489 |
|
| 999 |
_c41188 _d41188 |
||